| 000 | 00528nam a2200181Ia 4500 | ||
|---|---|---|---|
| 003 | GCL | ||
| 008 | 140319s9999 xx 000 0 ara d | ||
| 040 |
_aGCL / _cGCL |
||
| 082 | 0 | 4 |
_a813.01 _bم ك |
| 100 | 1 | _aمحمد حافظ رجب | |
| 245 | 1 | 0 |
_aالكرة ورأس الرجل : مجموعه قصصية / _cمحمد حافظ رجب |
| 300 | _a125 ص | ||
| 490 | _a | ||
| 650 | 0 | 4 | _aالادب العربى |
| 650 | 0 | 4 | _aالقصص العربية |
| 650 | 0 | 4 | _aالقصص العربية القصيرة |
| 942 |
_2ddc _cBK |
||
| 999 |
_c40362 _d40362 |
||